| 000 | 00000nam##2200000za#4500 |
| 001 | 9.550566 |
| 003 | CaOODSP |
| 005 | 20220405153324 |
| 007 | ta |
| 008 | 150406|2006||||xxc||||| f|0| 0 eng|d |
| 022 | |a0226-4587 |
| 040 | |aCaOODSP|beng |
| 041 | |aeng |
| 041 | |afre |
| 043 | |an-cn--- |
| 086 | 1 |aP29-32-311-2006-2 |
| 110 | 2 |aCanadian General Standards Board. |
| 245 | 10|aOrganic production systems permitted substances lists |
| 260 | |aOttawa - Ontario : |bCanadian General Standards Board |
| 300 | |aEnglish text, iii, 23, A7p. ; |c28 cm. |
| 490 | 1 |aNational standard of Canada |x0226-4587 |vCAN/CGSB-32.311-2006, amended October 2008 and December 2009 |
| 500 | |aSupersedes part of CAN/CGSB-32.310-99. |
| 563 | |aSoftcover |
| 590 | |a10-05|b2010-02-05 |
| 776 | 0#|tOrganic production systems - permitted substances lists |w(CaOODSP)9.579706 |
| 776 | 0#|tSystèmes de production biologique - listes des substances permises |w(CaOODSP)9.607020 |
| 792 | |tSystèmes de production biologique - listes des substances permises |efre|w(CaOODSP)9.550567 |
| 830 | #0|aNational standard of Canada,|x0226-4587 |vCAN/CGSB-32.311-2006, amended October 2008 and December 2009|w(CaOODSP)9.509558 |